| 000 | 00359nam a2200133Ia 4500 | ||
|---|---|---|---|
| 008 | 211105s9999||||xx |||||||||||||| ||und|| | ||
| 082 | _a339 D436M 1975 | ||
| 084 | _b08-01191 | ||
| 100 | _aDernburg, Thomas F. | ||
| 245 | 0 | _aMacroeconomía: la medición, análisis y control de la actividad económica agregada | |
| 260 | _c1975 | ||
| 300 | _a0 | ||
| 999 |
_c16774 _d16774 |
||